Japanese manners & ethics in business
This book is not just a recounting of the raunchy bachelor activities of the author, it also reveals a great deal about the cultural attitudes and behavior of the Japanese during this time-frame. It therefore has "socially redeeming value" as well as being a provocative read.
Uloženo v:
| Hlavní autor: | |
|---|---|
| Médium: | Kniha |
| Jazyk: | Undetermined |
| Vydáno: |
Tokyo
East Asia Pub. Co.
1966
|
| Témata: | |
| Tagy: |
Přidat tag
Žádné tagy, Buďte první, kdo otaguje tento záznam!
|
| Thư viện lưu trữ: | Trung tâm Học liệu Trường Đại học Cần Thơ |
|---|
| LEADER | 00810nam a2200205Ia 4500 | ||
|---|---|---|---|
| 001 | CTU_106892 | ||
| 008 | 210402s9999 xx 000 0 und d | ||
| 082 | |a 174 | ||
| 082 | |b M549 | ||
| 100 | |a Mente, Boye De | ||
| 245 | 0 | |a Japanese manners & ethics in business | |
| 245 | 0 | |c Boye De Mente | |
| 260 | |a Tokyo | ||
| 260 | |b East Asia Pub. Co. | ||
| 260 | |c 1966 | ||
| 520 | |a This book is not just a recounting of the raunchy bachelor activities of the author, it also reveals a great deal about the cultural attitudes and behavior of the Japanese during this time-frame. It therefore has "socially redeeming value" as well as being a provocative read. | ||
| 650 | |a Businesspeople,Business ethics | ||
| 650 | |z Japan,Japan | ||
| 904 | |i M.Loan | ||
| 980 | |a Trung tâm Học liệu Trường Đại học Cần Thơ | ||